<?xml version="1.0" encoding="UTF-8"?>
<collection xmlns="http://www.loc.gov/MARC21/slim">
 <record>
  <leader>01684nam a2200241Ia 4500</leader>
  <controlfield tag="001">CTU_237761</controlfield>
  <controlfield tag="008">210402s9999    xx            000 0 und d</controlfield>
  <datafield tag="082" ind1=" " ind2=" ">
   <subfield code="a">547.2</subfield>
  </datafield>
  <datafield tag="082" ind1=" " ind2=" ">
   <subfield code="b">L502</subfield>
  </datafield>
  <datafield tag="088" ind1=" " ind2=" ">
   <subfield code="a">8440114</subfield>
  </datafield>
  <datafield tag="100" ind1=" " ind2=" ">
   <subfield code="a">Trần, Văn Luận</subfield>
  </datafield>
  <datafield tag="245" ind1=" " ind2="0">
   <subfield code="a">Nghiên cứu thành phần hóa học và hoạt tính sinh học của lá cây Bần Ổi (Sonneratia ovata Backer) tại Bến Tre :</subfield>
  </datafield>
  <datafield tag="245" ind1=" " ind2="0">
   <subfield code="b">Luận văn tốt nghiệp Cao học chuyên ngành: Hóa hữu cơ</subfield>
  </datafield>
  <datafield tag="245" ind1=" " ind2="0">
   <subfield code="c">Trần Văn Luận ; Nguyễn Trọng Tuân (hướng dẫn khoa học)</subfield>
  </datafield>
  <datafield tag="260" ind1=" " ind2=" ">
   <subfield code="a">Cần Thơ</subfield>
  </datafield>
  <datafield tag="260" ind1=" " ind2=" ">
   <subfield code="b">Trường Đại học Cần Thơ</subfield>
  </datafield>
  <datafield tag="260" ind1=" " ind2=" ">
   <subfield code="c">2020</subfield>
  </datafield>
  <datafield tag="520" ind1=" " ind2=" ">
   <subfield code="a">Kết quả khảo sát hoạt tính sinh học của cao thô methanol và các cao chiết phân đoạn từ lá cây Bần Ổi (Sonneratia ovata Backer) cho thấy các mẫu cao đều biểu hiện hoạt tính kháng oxy hóa bằng thử nghiệm DPPH với các giá trị SC₅₀ từ 23,94 – 167,43 μg/mL, trong đó cao thô methanol có hoạt tính kháng oxy hóa tốt nhất (SC₅₀ = 23,94 μg/mL). Cao thô methanol và cao phân đoạn n-hexane có khả năng kháng vi khuẩn Bacillus subtillis subsp. spizizenii, cao phân đoạn ethyl acetate có khả năng kháng nấm sợi Aspergillus niger với cùng giá trị MIC là 200 μg/mL.</subfield>
  </datafield>
  <datafield tag="650" ind1=" " ind2=" ">
   <subfield code="a">Chemistry, Organic,Hóa học, hữu cơ</subfield>
  </datafield>
  <datafield tag="650" ind1=" " ind2=" ">
   <subfield code="x">Research,Nghiên cứu</subfield>
  </datafield>
  <datafield tag="904" ind1=" " ind2=" ">
   <subfield code="i">Hiếu</subfield>
  </datafield>
  <datafield tag="910" ind1=" " ind2=" ">
   <subfield code="c">tvtrong</subfield>
  </datafield>
  <datafield tag="980" ind1=" " ind2=" ">
   <subfield code="a">Trung tâm Học liệu Trường Đại học Cần Thơ</subfield>
  </datafield>
 </record>
</collection>
